Images par lettre - W - X - Y - Z - Statistiques

Statistiques générales
  • Ce quiz a été pris 240 fois
    203 depuis la dernière actualisation
  • Le résultat moyen est 11 sur 15
Statistiques - réponses
Par images Réponse % Correct
Zèbre
98%
Xylophone
94%
Yéti
94%
Yoga
90%
Wikipédia
85%
Washington
80%
Yak
80%
Zimbabwe
79%
Yémen
78%
Wasabi
68%
Yen
61%
Zodiaque
49%
Wisconsin
38%
Zelda
32%
Wimbledon
30%
Aucun quiz correspondant
Distribution des résultats
% des personnes avec chaque résultat
Percentile par nombre de réponses
Votre historique - résultats
Vous n’avez pas pris ce quiz depuis la dernière actualisation